书目信息 |
| 题名: |
设计学概论
|
|
| 作者: | 尹定邦 | |
| 分册: | ||
| 出版信息: | 长沙 湖南科学技术出版社 2006 |
|
| 页数: | 239 | |
| 开本: | 26cm | |
| 丛书名: | ||
| 单 册: | ||
| 中图分类: | J505 | |
| 科图分类: | ||
| 主题词: | 工艺美术--艺术理论 | |
| 电子资源: | ||
| ISBN: | 7-5357-2593-7 | |
| 000 | 00533nam0 2200181 450 | |
| 001 | 0729297901 | |
| 005 | 20071003080817.90 | |
| 010 | @a7-5357-2593-7@b精装@d¥27.00 | |
| 100 | @a20071003d km y0chiy0120 ea | |
| 101 | 0 | @achi |
| 200 | 1 | @a设计学概论@Ashe ji xue gai lun@f尹定邦@Fyin ding bang |
| 210 | @a长沙@c湖南科学技术出版社@d2006 | |
| 215 | @a239@d26cm | |
| 606 | 0 | @a工艺美术@x艺术理论 |
| 690 | @aJ505@v4 | |
| 701 | 0 | @a尹定邦@Ayin ding bang |
| 801 | 0 | @aCN@b大连网信软件有限公司图书馆·11@c20071003 |
| 905 | @a213230@dJ505@eM127 | |
| 设计学概论/尹定邦.-长沙:湖南科学技术出版社,2006 |
| 239;26cm |
| ISBN 7-5357-2593-7(精装):¥27.00 |
| ● |
| 相关链接 |
|
|
|
|
正题名:设计学概论
索取号:J505/M127
 
预约/预借
| 序号 | 登录号 | 条形码 | 馆藏地/架位号 | 状态 | 备注 |
| 1 | 6401165 | 264011651 | 密集书库-美术系/ [索取号:J505/M127] | 在馆 |